000 01450nac a22003977a 4500
001 BR7702155
003 BR-BrBNA
005 20240105114042.0
008 230509b bl.|||m| |||| 00| 0 por d
040 _aBR-BrBNA
_bpor
_cBiblioteca Nacional de Agricultura
072 _aK20; K10; E70
090 _aK20 BR7702155
100 1 _aMuthoo, M.K.
100 1 _aPrado, A.C. do
100 1 _aPotma, H.L.
100 1 _aKengen, S.
100 1 _aAlpande, M.R.A.
110 1 _aInstituto Brasileiro de Desenvolvimento Florestal, Brasilia, DF. Coordenadoria de Planejamento;
_95735
110 1 _aProjeto de Desenvolvimento e Pesquisa Florestal, Brasilia, DF (Brasil)
_98062
245 1 _aSituacao florestal brasileira [Desenvolvimento florestal; Madeira; Producao florestal; Comercializacao; Reflorestamento; Industria FLORESTAL]
_bConvenio PNUD/FAO/BRA - 76/027
260 3 _aBrasilia, DF (Brasil):
_c1977.
300 _a70 p.
490 _aColecao Desenvolvimento e Planejamento Florestal. Serie Tecnica (Brazil)
_vno. 4
_x
500 _a37 tables; 39 ref.; Summaries (En, Pt)
650 _aAdministracao florestal
650 _aProducao florestal
650 _aComercializacao
650 _aDesenvolvimento florestal
650 _aMadeira
650 _aReflorestamento
650 _aMercado
650 _aExportacao
650 _aIndustria florestal
909 _a202312
_bLúcia Elande
_c55
_dLúcia Elande
942 _2AGRIS
_n0
_cMS
999 _c267114
_d267114